000 00826nam a2200253Ia 4500
003 OSt
005 20220923211005.0
006 a|||||r|||| 00| 0
007 ta
008 220922b |||||||| |||| 00| 0 hin d
020 _a8170166616 (hbk)
_c75
024 _a245,465
037 _b373, 11/02/2011, Swaraj Prakashan
_cTextual
040 _aARTS
_cARTS
_bhin
041 _2hin
_ahin
082 _aO152,2N452x, P8
100 _aसहगल, प्रताप
_9156291
245 0 _aछू मंतर
246 _aChhū hintara
260 _aनयाी दिल्ली
_b किताबघर प्रकाशन
_c2008
300 _a99पृ.
_ccm.
942 _hO152,2N452x, P8
_cTEXL
_2CC
999 _c293614
_d293614